[Event "Regionalliga SO9798"]
[Site "Bayern"]
[Date "1997.??.??"]
[Round "?"]
[White "Binder, Karl Heinz"]
[Black "Weber, Arnold"]
[Result "1/2-1/2"]
[WhiteElo "2090"]
[BlackElo "2085"]

1.c4 c5 2.Nc3 Nf6 3.Nf3 d5 4.cxd5 Nxd5 5.g3 Nc6 6.Bg2 e6 7.O-O Be7 8.d4 Nxc3
9.bxc3 O-O 10.Rb1 Qc7 11.Bf4 Bd6 12.Bxd6 Qxd6 13.Qa4 Rb8 14.Rfd1 b6 15.e4 Bb7
16.d5 exd5 17.exd5 Na5 18.c4 Bc8 19.Re1 Bf5 20.Rbd1 f6 21.Nd2 Kf7 22.Ne4 Bxe4
23.Rxe4 Rbe8 24.Rde1 Rxe4 25.Rxe4 g6 26.Bh3 f5 27.Re6 Qd8 28.Qa3 Re8 29.Rxe8 Qxe8
30.Qc3 Nb7 31.f4 Nd6 32.Bf1 Ne4 33.Qe5 Nf6 34.h3 Qe7 35.Bg2 Ne8 36.Bf3 Nd6
37.Be2 Ne4 38.Kg2 Nf6 39.Bd3 Nd7 40.Qc7 Nf6 41.Qe5 Nd7 42.Qc7 Nf6 43.Qe5 Nd7  1/2-1/2

[Event "Oberliga Bayern9697"]
[Site "Bayern"]
[Date "1997.??.??"]
[Round "?"]
[White "Golda, Harald"]
[Black "Ploetz, Werner"]
[Result "1-0"]
[WhiteElo "2330"]
[BlackElo "2265"]

1.c4 Nf6 2.Nf3 e6 3.Nc3 c5 4.g3 b6 5.Bg2 Bb7 6.O-O Be7 7.b3 O-O 8.Bb2 Nc6
9.d4 cxd4 10.Nxd4 Qb8 11.e4 Rd8 12.h3 Nxd4 13.Qxd4 d6 14.Kh2 Bc6 15.f4 a6
16.a4 Ra7 17.Rad1 Rad7 18.Qe3 Ne8 19.Ne2 Ba8 20.f5 exf5 21.Rxf5 Bf8 22.Bd4 g6
23.Rf2 b5 24.cxb5 axb5 25.a5 Bg7 26.Nf4 Re7 27.b4 Rc8 28.Rfd2 Rc4 29.Bxg7 Kxg7
30.Rd4 Kg8 31.Qd3 Qc8 32.Rd2 Re5 33.Rb2 h5 34.Nd5 Bxd5 35.Rxd5 Qc7 36.Rxe5 dxe5
37.Qd5 h4 38.Qxb5 hxg3+ 39.Kxg3 Ng7 40.Kh2 Rc3 41.a6 Ra3 42.Qb7 Qc3 43.Rb1 Ra2
44.Rf1 Qd2 45.Qc8+ Kh7 46.Qg4 Rxa6 47.Rxf7 Qd4 48.Qh4+ Kg8  1-0

[Event "Oberliga Bayern9697"]
[Site "Bayern"]
[Date "1997.??.??"]
[Round "?"]
[White "Gasthofer, Viktor"]
[Black "Lickleder, Andreas"]
[Result "1/2-1/2"]
[WhiteElo "2370"]
[BlackElo "2210"]

1.c4 Nf6 2.Nc3 c5 3.Nf3 e6 4.g3 b6 5.Bg2 Bb7 6.O-O d6 7.d4 cxd4 8.Qxd4 a6
9.Rd1 Nbd7 10.b3 Be7 11.e4 Qc7 12.Ba3 Nc5 13.e5 dxe5 14.Qxe5 Qxe5 15.Nxe5 Bxg2
16.Kxg2 Rc8 17.f4 Ncd7 18.Bd6 b5 19.Nxd7 Nxd7 20.Ne4 bxc4 21.Bxe7 Kxe7 22.Nd6 Rc7
23.Nxc4 Rb8 24.Rd4 Nb6  1/2-1/2

[Event "BEL-chT9697"]
[Site "BEL"]
[Date "1997.??.??"]
[Round "2"]
[White "Plomp, Gordon"]
[Black "Goormachtigh, Johan"]
[Result "1-0"]
[WhiteElo "2315"]
[BlackElo "2290"]

1.c4 Nf6 2.Nc3 c5 3.Nf3 b6 4.g3 Bb7 5.Bg2 e6 6.O-O Be7 7.Re1 O-O 8.e4 d6
9.d4 cxd4 10.Nxd4 Qc8 11.Be3 Nbd7 12.h3 Nc5 13.Qc2 a6 14.Rac1 Re8 15.b4 Ncd7
16.Qb3 g6 17.Nd5 exd5 18.cxd5 Qd8 19.Nc6 Bxc6 20.dxc6 Nf8 21.c7 Qc8 22.Qc3 N6d7
23.Bh6 Ne6 24.e5 d5 25.Bxd5 Ra7 26.Bxe6 fxe6 27.Qc6 Nf8 28.Qxe8 Qxe8 29.c8=Q Qxc8
30.Rxc8 Bxb4 31.Rb1 Bc5 32.Rxb6 Ba3 33.Rb3  1-0

[Event "Berliner Sommer"]
[Site "Berlin"]
[Date "1997.??.??"]
[Round "1"]
[White "Loginov, Valery A"]
[Black "Fischer, Michael"]
[Result "1-0"]
[WhiteElo "2550"]
[BlackElo "2015"]

1.Nf3 Nf6 2.c4 c5 3.Nc3 d5 4.cxd5 Nxd5 5.e4 Nxc3 6.dxc3 Qxd1+ 7.Kxd1 Nc6
8.Be3 e5 9.Nd2 Be7 10.Bc4 O-O 11.a4 Be6 12.Bxe6 fxe6 13.Nc4 a6 14.a5 Rad8+
15.Ke2 Kf7 16.f3 Ke8 17.Rhd1 Rxd1 18.Rxd1 Rf6 19.Bf2 Rg6 20.Bg3 h5 21.Kf1 Rg5
22.Rd2 Bf8 23.Rd3 Be7 24.Rd1 Bf8 25.Kf2 Be7 26.Bh4 Rg6 27.Bxe7 Kxe7 28.Nb6 Nxa5
29.Rd7+ Kf6 30.Rc7 Kg5 31.Nd7 Rh6 32.Nxe5  1-0

[Event "Berliner Sommer"]
[Site "Berlin"]
[Date "1997.??.??"]
[Round "4"]
[White "Bagirov, Vladimir"]
[Black "Heinbuch, Detlef"]
[Result "1/2-1/2"]
[WhiteElo "2495"]
[BlackElo "2360"]

1.c4 c5 2.Nf3 Nf6 3.Nc3 b6 4.g3 Bb7 5.Bg2 e6 6.O-O d6 7.Re1 Nbd7 8.e4 Rc8
9.b3 a6 10.Bb2 Be7 11.d4 cxd4 12.Nxd4 Qc7 13.Nd5 exd5 14.exd5 Ne5 15.Nf5 Nfd7
16.Nxe7 Kxe7 17.f4 f6 18.Qg4 Rcg8 19.fxe5 Nxe5 20.Ba3 Bc8 21.Qd4 Kf7 22.Bc1 Bd7
23.Be3 Rb8 24.a4 Rhe8 25.Qd2 Bh3 26.Bd4 Bxg2 27.Kxg2 Qd7 28.Re3 Kg8 29.Rae1 Qf7
30.Qb4 Qc7 31.Bxe5 Rxe5 32.Rxe5 fxe5 33.Qd2 Rf8 34.Rf1 Rxf1 35.Kxf1 Qf7+
36.Kg2 a5 37.Qe3 Qf5 38.Qxb6 Qe4+ 39.Kf2 Qc2+ 40.Kf3 Qd1+ 41.Ke4 Qb1+ 42.Kf3 Qd1+
43.Kg2 Qc2+ 44.Qf2 Qxb3 45.Qf5 h6 46.Qe6+ Kh7  1/2-1/2

[Event "Biel op MTO"]
[Site "Biel"]
[Date "1997.??.??"]
[Round "2"]
[White "Ditzler, Juerg"]
[Black "Kaenel, Hansjuerg"]
[Result "1/2-1/2"]
[WhiteElo "2185"]
[BlackElo "2355"]

1.Nf3 c5 2.c4 e6 3.Nc3 Nf6 4.g3 b6 5.Bg2 Bb7 6.O-O Be7 7.d4 cxd4 8.Nxd4 Bxg2
9.Kxg2 a6 10.b3 O-O 11.Bb2 Qc7 12.e4 d6 13.Qe2 Nc6 14.Nxc6 Qxc6 15.Rad1 Rfd8
16.Rfe1 Qb7 17.Rd2 Rab8 18.Red1 b5 19.f3 bxc4 20.Qxc4 Rdc8 21.Qd4 Ne8 22.Na4 Rc6
23.Rc1 Rbc8 24.Rxc6 Rxc6 25.Qf2 Qc7 26.Bd4 Bg5 27.Be3 Bxe3 28.Qxe3 h6 29.Nb2 Nf6
30.Nc4 d5 31.exd5 exd5 32.Nb2 Qa5 33.Nd3 Qc3 34.Qf2 g5 35.Ne1 Re6 36.Re2 d4
37.Rxe6 fxe6 38.Qc2 Qxc2+ 39.Nxc2 e5 40.Nb4 a5 41.Nc6  1/2-1/2

[Event "Biel op MTO"]
[Site "Biel"]
[Date "1997.??.??"]
[Round "5"]
[White "Kahlert, Thomas"]
[Black "Wilhelmi, Christian"]
[Result "1/2-1/2"]
[WhiteElo "2285"]
[BlackElo "2405"]

1.c4 Nf6 2.Nc3 c5 3.Nf3 b6 4.g3 Bb7 5.Bg2 e6 6.O-O Be7 7.d4 cxd4 8.Qxd4 d6
9.Bg5 a6 10.Bxf6 Bxf6 11.Qf4 Be7 12.Rfd1 Nd7 13.Ne4 Bxe4 14.Qxe4 Rc8 15.Rac1 O-O
16.Nd4 Nb8 17.b4 Re8 18.Qb1 Bf8 19.a4 Rc7 20.b5 Rc5 21.e3 Qc8 22.Nc6 Nxc6
23.bxc6 Qc7 24.Qb3 Rb8 25.Rb1 g6 26.Qd3 Be7 27.Rd2 Rc8 28.h4 h5 29.Qd4 Rb8
30.Rdb2 Bd8 31.Rb3 Kh7 32.Bf3 Kg8 33.Kg2 Kh7 34.Rd3  1/2-1/2

[Event "Bled op18th"]
[Site "Bled"]
[Date "1997.??.??"]
[Round "2"]
[White "Sprotte, Norbert"]
[Black "Bezold, Michael"]
[Result "0-1"]
[WhiteElo "2210"]
[BlackElo "2500"]

1.Nf3 c5 2.c4 Nf6 3.Nc3 e6 4.e3 Be7 5.d4 cxd4 6.exd4 d5 7.b3 O-O 8.Bd3 Nc6
9.O-O b6 10.Bb2 Nb4 11.Be2 Bb7 12.a3 Nc6 13.b4 dxc4 14.Bxc4 Rc8 15.Bb3 Bd6
16.d5 Ne5 17.Nb5 Nxf3+ 18.Qxf3 Nxd5 19.Qg4 g6 20.Nxa7 Nf4 21.Nxc8 h5 22.Nxd6 hxg4
23.Rfd1 Qe7 24.g3 Nh3+ 25.Kf1 Bf3 26.Rd3 Kh7 27.Rc1 e5 28.Nc8 Qf6 29.Rd6 Bg2+  0-1

[Event "Bled op18th"]
[Site "Bled"]
[Date "1997.??.??"]
[Round "4"]
[White "Tukmakov, Vladimir B"]
[Black "Cebalo, Miso"]
[Result "1-0"]
[WhiteElo "2585"]
[BlackElo "2540"]

1.Nf3 c5 2.c4 Nf6 3.Nc3 g6 4.e4 d6 5.d4 cxd4 6.Nxd4 Bg7 7.Be2 O-O 8.O-O Nc6
9.Be3 Bd7 10.Nb3 a5 11.Nd2 Nb4 12.a3 Na6 13.Rb1 Nc5 14.e5 Ne8 15.exd6 exd6
16.Nb3 Nxb3 17.Qxb3 Bc6 18.Rfd1 Qe7 19.Nd5 Bxd5 20.Rxd5 Nc7 21.Rd2 Ne6 22.Qd1 Be5
23.b3 f5 24.Rd5 Nc5 25.Bf3 Rac8 26.b4 axb4 27.axb4 Ne4 28.Bxe4 fxe4 29.c5 Rfd8
30.Qd2 dxc5 31.bxc5 Bf6 32.Rd6 Rc7 33.Qd5+ Kg7 34.Rd1 Re8 35.Rxf6  1-0

[Event "Clarin GP1 Boca Juniors"]
[Site "Boca"]
[Date "1997.??.??"]
[Round "5"]
[White "Scarella, Enrique"]
[Black "Podesta, Dardo Ariel"]
[Result "1-0"]
[WhiteElo "2375"]
[BlackElo "2205"]

1.Nf3 Nf6 2.c4 g6 3.Nc3 c5 4.d4 cxd4 5.Nxd4 Bg7 6.e4 d6 7.Be2 O-O 8.O-O Nc6
9.Be3 Nxd4 10.Bxd4 Be6 11.Rc1 a6 12.b3 Qa5 13.f4 Rfc8 14.Rc2 b5 15.f5 Bd7
16.Bxf6 Bxf6 17.Nd5 bxc4 18.Bxc4 Kg7 19.fxg6 hxg6 20.Rcf2 Qc5 21.Nxf6 exf6
22.Qa1 Qe5 23.Qxe5 dxe5 24.Rxf6  1-0

[Event "Bogota Telecom"]
[Site "Bogota"]
[Date "1997.??.??"]
[Round "10"]
[White "Minaya, Juan M"]
[Black "Ostos, Julio"]
[Result "0-1"]
[WhiteElo "2260"]
[BlackElo "2320"]

1.Nf3 Nf6 2.c4 c5 3.Nc3 g6 4.g3 Bg7 5.Bg2 O-O 6.d4 cxd4 7.Nxd4 Nc6 8.O-O Ng4
9.e3 Nge5 10.b3 d6 11.Nde2 a6 12.h3 Rb8 13.f4 Nd7 14.Rb1 Na7 15.e4 b6 16.Be3 Bb7
17.Qe1 Ba8 18.Qf2 Nc6 19.Rfd1 b5 20.c5 dxc5 21.Bxc5 Qc8 22.Be3 b4 23.Na4 e5
24.Rbc1 Rd8 25.f5 Nf6 26.Nb6 Rxd1+ 27.Rxd1 Qe8 28.Nxa8 Rxa8 29.fxg6 hxg6
30.Rd6 Nh7 31.Qe1 Nf8 32.Qd2 Ne6 33.Qd5 Rc8 34.h4 Bf8 35.Rd7 Ne7 36.Qd1 Nd4
37.Ra7 Rd8 38.Nxd4 exd4 39.Bg5 d3 40.Kh2 d2 41.e5 Nf5 42.Be4 Qxe5 43.Bxf5 Qxf5
44.Bxd8 Qf2+ 45.Kh3 Bd6  0-1

[Event "Budapest FS04 GM"]
[Site "Budapest"]
[Date "1997.??.??"]
[Round "8"]
[White "Agrest, Evgenij"]
[Black "Vadasz, Laszlo"]
[Result "1-0"]
[WhiteElo "2460"]
[BlackElo "2365"]

1.c4 c5 2.Nf3 Nf6 3.Nc3 b6 4.d4 cxd4 5.Nxd4 Bb7 6.f3 e6 7.e4 d6 8.Be2 Be7
9.Be3 O-O 10.O-O a6 11.Qd2 Nbd7 12.a4 Qc7 13.a5 Rab8 14.axb6 Nxb6 15.Rfc1 Nbd7
16.b4 Ne5 17.Na4 Rfe8 18.Qe1 Nfd7 19.Nb5 Qc8 20.Na7 Qc7 21.Nb5 Qc8 22.Na7 Qc7
23.b5 Red8 24.Kh1 Ra8 25.Qg1 Nc5 26.b6 Qb8 27.Nxc5 dxc5 28.Bxc5 Bxc5 29.Qxc5 Nd7
30.Qe3 Nxb6 31.Qxb6 Qxa7 32.Rcb1 Qxb6 33.Rxb6 Bc8 34.c5 g5 35.c6 Kg7 36.Kg1 Ra7
37.Ra5 h6 38.Kf2 Rc7 39.Ke3 Rd6 40.e5 Rd8 41.g3 Kf8 42.f4 gxf4+ 43.gxf4 Ke7
44.Bf3 Rg8 45.Rb1 f6 46.Ra4 fxe5 47.fxe5 Rf8 48.Be4 Rg8 49.Bf3 Rf8 50.Rg1 Rxf3+
51.Kxf3 Rxc6 52.Rg7+ Kd8 53.Ra3 Rc4 54.Rh7 Rd4 55.Ke3  1-0

[Event "Goodricke op"]
[Site "Calcutta"]
[Date "1997.??.??"]
[Round "1"]
[White "Marin, Mihail"]
[Black "Shetty, Rahul"]
[Result "1-0"]
[WhiteElo "2545"]
[BlackElo "2335"]

1.Nf3 c5 2.c4 Nf6 3.Nc3 d5 4.cxd5 Nxd5 5.g3 Nc6 6.Bg2 Nc7 7.Qa4 Bd7 8.Qe4 f6
9.d4 cxd4 10.Nxd4 e5 11.Nf5 g6 12.Ne3 Bg7 13.O-O O-O 14.Rd1 Qe7 15.Ned5 Nxd5
16.Nxd5 Qf7 17.Be3 Be6 18.Qa4 f5 19.Nb4 f4 20.Bc5 Nd4 21.Rxd4 exd4 22.Bxf8 Rxf8
23.Nd3 fxg3 24.hxg3 Bc4 25.Rf1 Bxa2 26.Qxa7 Bd5 27.Bxd5 Qxd5 28.Rc1 Qe4 29.Rc7 Qxe2
30.Qxb7 Bf6 31.Qd5+ Kh8 32.Qd7 Qh5 33.Nf4 Qh6 34.Ne6 Rg8  1-0

[Event "Goodricke op"]
[Site "Calcutta"]
[Date "1997.??.??"]
[Round "2"]
[White "Davies, Nigel R"]
[Black "Kiran, Pandit Rao"]
[Result "1-0"]
[WhiteElo "2505"]
[BlackElo "2280"]

1.c4 c5 2.Nf3 Nf6 3.Nc3 e6 4.g3 b6 5.Bg2 Bb7 6.O-O Be7 7.Re1 d6 8.e4 Nbd7
9.d4 cxd4 10.Nxd4 Qc7 11.g4 h6 12.b3 a6 13.f4 g6 14.h3 g5 15.fxg5 hxg5 16.Bxg5 O-O-O
17.Rc1 Rdg8 18.Nd5 exd5 19.cxd5 Nc5 20.Bf4 Nfd7 21.b4 Bg5 22.Bxg5 Rxg5 23.bxc5 bxc5
24.Nf3 Rg6 25.Re2 Kd8 26.Qd2 Bc8 27.Qf4 f6 28.Rb2 Ne5 29.Nxe5 fxe5 30.Qg3 Qg7
31.Rf1 Rg8 32.Qh4+ Rg5 33.Rbf2 Ke8 34.Rf6 Bxg4 35.hxg4 Rxg4 36.Qh5+ Kd8 37.Rf8+ Rxf8
38.Rxf8+ Qxf8 39.Qxg4 Qh6 40.Bf1 Qe3+ 41.Kg2 Qd2+ 42.Kh1 Qh6+ 43.Qh3 Qf4
44.Qf5 Qh6+ 45.Kg2 Qd2+ 46.Kg3 Qe3+ 47.Kh4 Qe1+ 48.Kh5 Kc7 49.Kg6 Kb6 50.Kf7 Qh4
51.Ke6 Qd8 52.Qf6 Qb8 53.Qe7 Qg8+ 54.Kxd6 Qg6+ 55.Kd7  1-0

[Event "Goodricke op"]
[Site "Calcutta"]
[Date "1997.??.??"]
[Round "6"]
[White "Bischoff, Klaus"]
[Black "Zagrebelny, Sergey"]
[Result "1/2-1/2"]
[WhiteElo "2550"]
[BlackElo "2480"]

1.c4 Nf6 2.Nf3 b6 3.Nc3 c5 4.d4 cxd4 5.Nxd4 Bb7 6.f3 d6 7.e4 Nbd7 8.Be3 a6
9.Qd2 Rc8 10.Rc1 e6 11.Be2 Ne5 12.b3 d5 13.exd5 exd5 14.Nxd5 Bxd5 15.cxd5 Nxd5
16.Rxc8 Qxc8 17.Nc2 Nxe3 18.Nxe3 Ba3 19.O-O  1/2-1/2

[Event "Goodricke op"]
[Site "Calcutta"]
[Date "1997.??.??"]
[Round "10"]
[White "Goswami, Vedant"]
[Black "Kiran, Pandit Rao"]
[Result "1/2-1/2"]
[WhiteElo "2225"]
[BlackElo "2280"]

1.Nf3 Nf6 2.c4 e6 3.Nc3 c5 4.g3 b6 5.Bg2 Bb7 6.O-O Be7 7.d4 cxd4 8.Qxd4 d6
9.b3 a6 10.Ba3 Nc6 11.Qd2 Qc7 12.Rac1 Na7 13.Qd3 O-O 14.e4 Rfe8 15.Nd4 Rad8
16.f4 Nd7 17.Rfd1 Nc8 18.Qe2 Bf8 19.f5 exf5 20.Nxf5 Nc5 21.Nd5 Bxd5 22.cxd5 Ne7
23.Nd4 Qa7 24.Rf1 b5 25.Kh1 Rc8 26.Qf3 Ng6 27.Nc6 Qd7 28.Bb2 Nxe4 29.Qh5 Qb7
30.Qf5 Nc5 31.h4 Re2 32.Rc2 Rxc2 33.Qxc2 Re8 34.h5 Ne5 35.Nxe5 dxe5 36.d6 Qb6
37.Qf5 f6 38.Bd5+ Kh8 39.d7 Rd8 40.b4 Nxd7 41.Be4 g6 42.hxg6 Bg7 43.Bc1 Nf8
44.gxh7 Qe6 45.Qxe6 Nxe6 46.Be3 Nd4 47.Rd1 Rd6 48.g4 f5 49.gxf5 Nxf5 50.Rxd6 Nxd6
51.Bg6 Bf6 52.Bc5 Kg7 53.Bc2 Nb7 54.Kg2 Nd8 55.Bf5 Nf7 56.Bc8 Ng5 57.h8=Q+ Kxh8
58.Bxa6 Ne4 59.Bxb5 Nxc5 60.bxc5 Be7 61.c6 Bd8 62.Kf3 Kg7 63.Ke4 Kf6 64.Kd5 Bc7
65.Bd3 Ke7 66.Kc5 Kd8 67.Bf5 e4 68.Bxe4 Kc8 69.Kb5 Kb8 70.Kc5 Bf4 71.a4 Bg3
72.a5 Bh2 73.Kb5 Bg3 74.a6 Bf4  1/2-1/2

[Event "Cappelle op"]
[Site "Cappelle la Grande"]
[Date "1997.??.??"]
[Round "2"]
[White "Sher, Miron N"]
[Black "Ftacnik, Lubomir"]
[Result "0-1"]
[WhiteElo "2470"]
[BlackElo "2595"]

1.c4 Nf6 2.Nc3 c5 3.Nf3 e6 4.e3 Nc6 5.d4 d5 6.cxd5 exd5 7.Bb5 Bd6 8.dxc5 Bxc5
9.O-O O-O 10.b3 Bg4 11.Be2 a6 12.Bb2 Qd6 13.Rc1 Rad8 14.Nd4 Bxd4 15.Bxg4 Be5
16.g3 d4 17.exd4 Bxd4 18.Bf3 Ne5 19.Be2 Qe6  0-1

[Event "Celle Ligure op"]
[Site "Celle Ligure"]
[Date "1997.??.??"]
[Round "1"]
[White "Mollero, Michele"]
[Black "Jovanic, Ognjen"]
[Result "1/2-1/2"]
[WhiteElo "2050"]
[BlackElo "2260"]

1.Nf3 Nf6 2.c4 c5 3.Nc3 g6 4.d4 cxd4 5.Nxd4 b6 6.e4 d6 7.Be2 Bg7 8.O-O Bb7
9.f3 O-O 10.Bg5 Nc6 11.Nxc6 Bxc6 12.Qd2 Rc8 13.Nd5 Bxd5 14.cxd5 Qd7 15.a4 Qb7
16.Bb5 Rc7 17.Bc6 Qb8 18.Rac1 Rfc8 19.b4 Bf8 20.g4 Nd7 21.Bxd7 Rxd7 22.Rc6 Re8
23.Rfc1 b5 24.a5 e6 25.dxe6 fxe6 26.Bf4 Qd8 27.Bg5 Be7 28.Rc8 Qxc8 29.Rxc8 Rxc8
30.Bxe7 Rxe7 31.Qxd6 Kf7 32.Qa6 Rb8 33.Qd6 Rbb7 34.Qf4+ Kg8 35.Kg2 e5 36.Qf6 Rbc7
37.Kg3 Rcd7 38.h4 Rc7 39.g5 Rcd7 40.Kg4 Rb7 41.Kg3 Rbd7 42.Kg4  1/2-1/2

[Event "Cherepovets"]
[Site "Cherepovets"]
[Date "1997.??.??"]
[Round "3"]
[White "Popov, Valerij"]
[Black "Shipov, Sergei"]
[Result "0-1"]
[WhiteElo "2430"]
[BlackElo "2540"]

1.Nf3 Nf6 2.c4 c5 3.Nc3 e6 4.g3 b6 5.Bg2 Bb7 6.O-O Be7 7.Re1 d6 8.e4 a6 9.d4 cxd4
10.Nxd4 Qc7 11.Be3 Nbd7 12.f4 Rc8 13.Bf2 O-O 14.Rc1 Rfe8 15.e5 Bxg2 16.exf6 Ba8
17.fxe7 Qb7 18.Kf1 Qg2+ 19.Ke2 e5 20.Rg1 Qh3 21.Nf3 Rxe7 22.Nd5 Ree8 23.Kd2 b5
24.b3 bxc4 25.bxc4 Bxd5 26.cxd5 Nf6 27.fxe5 dxe5 28.Rxc8 Qxc8 29.Qb3 Qf5
30.Ke2 e4 31.Nd4 Qh5+ 32.Kf1 Qxh2 33.d6 Qh3+ 34.Ke1 Qd7 35.Qa3 h6 36.Ke2 e3
37.Bxe3 Ng4 38.Nc2 Qf5 39.Kd2 Rxe3 40.Nxe3 Qf2+ 41.Kc1 Nxe3 42.Qd3 Qxg1+
43.Kd2 Qg2+ 44.Kc1 Qc6+ 45.Kb1 Nd5  0-1

[Event "Chicago op"]
[Site "Chicago"]
[Date "1997.??.??"]
[Round "2"]
[White "Serper, Grigory"]
[Black "Chow, Albert"]
[Result "1-0"]
[WhiteElo "2550"]
[BlackElo "2290"]

1.c4 c5 2.Nf3 Nf6 3.Nc3 e6 4.g3 b6 5.Bg2 Bb7 6.O-O Be7 7.d4 cxd4 8.Qxd4 d6
9.Bg5 a6 10.Bxf6 Bxf6 11.Qd3 O-O 12.Rad1 Be7 13.Ng5 Bxg5 14.Bxb7 Ra7 15.Be4 f5
16.Bg2 Rd7 17.f4 Bf6 18.e4 g6 19.exf5 gxf5 20.Rfe1 Re8 21.Rxe6 Rxe6 22.Bd5 Re7
23.Qxf5 Bxc3 24.Bxe6+ Kh8 25.bxc3 Re8 26.Rxd6  1-0

[Event "Chicago op"]
[Site "Chicago"]
[Date "1997.??.??"]
[Round "7"]
[White "Shahade, Gregory"]
[Black "Bick, John D"]
[Result "1/2-1/2"]
[WhiteElo "2325"]
[BlackElo "2350"]

1.c4 c5 2.Nc3 Nf6 3.Nf3 e6 4.g3 b6 5.Bg2 Bb7 6.O-O d6 7.d3 Nbd7 8.Bd2 Be7
9.Re1 O-O 10.e4 Bc6 11.Rb1 Re8 12.a3 Qc7  1/2-1/2

[Event "Capablanca 32th Premier-B"]
[Site "Cienfuegos"]
[Date "1997.??.??"]
[Round "4"]
[White "Alvarez, Jose"]
[Black "Blees, Albert"]
[Result "0-1"]
[WhiteElo "2405"]
[BlackElo "2405"]

1.Nf3 c5 2.c4 Nf6 3.Nc3 e6 4.g3 b6 5.Bg2 Bb7 6.O-O d6 7.d4 cxd4 8.Qxd4 a6
9.Rd1 Nbd7 10.Ng5 Bxg2 11.Kxg2 Rc8 12.Nge4 Rc6 13.b3 Be7 14.Ba3 Nc5 15.b4 Ncxe4
16.Nxe4 b5 17.c5 Qa8 18.f3 Nxe4 19.Qxe4 dxc5 20.bxc5 O-O 21.Rd7 Bxc5 22.Rc1 Rd6
23.Qxa8 Rxa8 24.Rxd6 Bxa3 25.Rcc6 Bxd6 26.Rxd6 Kf8 27.Rb6 Ra7 28.e4 Ke7 29.Kf2 Kd7
30.e5 Kc7 31.Rd6 a5 32.Ke3 b4 33.Kd3 a4 34.Kc4 Rb7 35.Rd3 g5 36.h3 h5 37.g4 h4
38.Rd2 b3 39.axb3 axb3 40.Rb2 Kc6 41.Rxb3  0-1

[Event "KS Sommerskak op"]
[Site "Copenhagen"]
[Date "1997.??.??"]
[Round "?"]
[White "Ostergaard, Rasmus"]
[Black "Brinck Claussen, Bjorn"]
[Result "1/2-1/2"]
[WhiteElo "2180"]
[BlackElo "2380"]

1.c4 Nf6 2.Nc3 c5 3.Nf3 d5 4.cxd5 Nxd5 5.e4 Nb4 6.Bb5+ N8c6 7.d4 cxd4 8.a3 dxc3
9.Qxd8+ Kxd8 10.axb4 cxb2 11.Bxb2 e6  1/2-1/2

[Event "Corsica rap op"]
[Site "Corsica"]
[Date "1997.??.??"]
[Round "2"]
[White "Leski, Marc"]
[Black "Pigusov, Evgeny"]
[Result "1-0"]
[WhiteElo "2435"]
[BlackElo "2560"]

1.Nf3 c5 2.c4 Nf6 3.Nc3 b6 4.g3 Bb7 5.Bg2 g6 6.O-O Bg7 7.d4 cxd4 8.Qxd4 d6
9.b3 Nbd7 10.Bb2 O-O 11.Rfd1 Rc8 12.Qf4 Rc5 13.Ne1 Qa8 14.Qe3 Re8 15.Bxb7 Qxb7
16.Nd3 Rh5 17.Qf3 Qc8 18.Rac1 Nc5 19.Nf4 Rf5 20.Qg2 g5 21.Nfd5 g4 22.Rc2 Ne6
23.Ne3 Rc5 24.Nb5 a6 25.Nd4 Nxd4 26.Bxd4 Rc6 27.Bxf6 Bxf6 28.Nxg4 Bg7 29.Ne3 e6
30.Rcd2 Qc7 31.Qe4 b5 32.cxb5 axb5 33.Nf5 Bf8 34.Qe3 Qd8 35.Nh6+ Bxh6 36.Qxh6 Qe7
37.Rd4 f6 38.Qd2 d5 39.e4 dxe4 40.Rd7 Qf8 41.Qf4 Rcc8 42.Qg4+ Kh8 43.Qxe4 Re7
44.Qb7 Rxd7 45.Rxd7 Kg8 46.Rg7+ Qxg7 47.Qxc8+ Qf8 48.Qxe6+ Kh8 49.a4 bxa4
50.bxa4 Qd8 51.Qe4 Kg7 52.Kg2 Qc7 53.Qd5 h5 54.h4 Kg6 55.a5 Qa7 56.Qe4+ Kg7
57.Qf5 Qb7+ 58.Kg1 Qf7 59.Qb5 Kh6 60.Qc6 Qg6 61.Qb6 Qe4 62.Qc5  1-0

[Event "CZE-chT1a 9697"]
[Site "CZE"]
[Date "1997.??.??"]
[Round "?"]
[White "Pliva, Vojtech"]
[Black "Novak, Pavel"]
[Result "1/2-1/2"]
[WhiteElo "2205"]
[BlackElo "2215"]

1.Nf3 c5 2.c4 Nf6 3.Nc3 g6 4.d4 cxd4 5.Nxd4 Bg7 6.e4 d6 7.Be2 Nc6 8.Nc2 O-O
9.O-O Bd7 10.Be3 Qa5 11.Qd2 Rfc8 12.f3 Rab8 13.Rfc1 a6 14.Rab1 Ne5 15.b4 Qd8
16.Na3 Be6 17.Nd5 Nxd5 18.cxd5 Bd7 19.Bd4 Rxc1+ 20.Rxc1 Rc8 21.Rxc8 Qxc8
22.h3 Nxf3+ 23.Bxf3 Bxd4+ 24.Qxd4 Qc1+ 25.Kh2 Qxa3 26.Qb6 Bb5 27.Qxb7 Qxb4
28.Qxe7 a5 29.a3 Qxa3 30.e5 Qe3 31.Qd8+ Kg7 32.Qf6+ Kg8 33.Qxd6 Qf4+ 34.Kg1 Qc1+  1/2-1/2

[Event "CZE-chT1a 9697"]
[Site "CZE"]
[Date "1997.??.??"]
[Round "?"]
[White "Bretsnajdr, Vladimir"]
[Black "Bakalar, Petr"]
[Result "1/2-1/2"]
[WhiteElo "2290"]
[BlackElo "2340"]

1.Nf3 c5 2.c4 Nf6 3.Nc3 d5 4.cxd5 Nxd5 5.g3 g6 6.Bg2 Bg7 7.O-O O-O 8.Qb3 Nb6
9.d3 Nc6 10.Qa3 Nb4 11.Qa5 Nd7 12.Qxd8 Rxd8 13.Bg5  1/2-1/2

[Event "CZE-chT1a 9697"]
[Site "CZE"]
[Date "1997.??.??"]
[Round "?"]
[White "Zedek, Alois"]
[Black "Jenicek, Jiri"]
[Result "1-0"]
[WhiteElo "2235"]
[BlackElo "2155"]

1.c4 c5 2.Nf3 Nf6 3.Nc3 d5 4.cxd5 Nxd5 5.g3 Nc6 6.Bg2 Nc7 7.O-O e5 8.d3 Be7
9.Be3 O-O 10.Nd2 Be6 11.Nb3 Nd4 12.Bxb7 Rb8 13.Bg2 Nxb3 14.axb3 Bxb3 15.Qc1 a6
16.Ne4 c4 17.dxc4 f5 18.Nd2 f4 19.Ba7 Rb4 20.Qc3 Ba4 21.c5 a5 22.Bb6 fxg3
23.Rxa4 gxh2+ 24.Kh1 Rxa4 25.Qb3+ Kh8 26.Qxa4 Qxd2 27.Bxc7 Bxc5 28.Qxa5 Qc2
29.Qc3 Qxc3 30.bxc3 Rxf2 31.Rxf2 Bxf2 32.Bxe5 Be1 33.c4 Bb4 34.Kxh2 Bc5  1-0

[Event "CZE-chT1b 9697"]
[Site "CZE"]
[Date "1997.??.??"]
[Round "?"]
[White "Pacovsky, Jiri"]
[Black "Dusek, Martin"]
[Result "1/2-1/2"]
[WhiteElo "2315"]
[BlackElo "2060"]

1.c4 Nf6 2.Nc3 c5 3.Nf3 e6 4.g3 b6 5.Bg2 Bb7 6.O-O Be7 7.b3 O-O 8.Bb2 a6
9.d4 cxd4 10.Nxd4 Bxg2 11.Kxg2 Qc7 12.e4 d6 13.Qe2 Nbd7 14.f4 Rfe8 15.h3 Bf8
16.Nf3 e5 17.f5 Qb7 18.Rad1 b5 19.Nd2 Rac8 20.Rf2 Rc5 21.Kh2 bxc4 22.Nxc4 d5
23.exd5 Nxd5 24.Ne4 Qa7 25.Nxc5 Bxc5 26.Rg2 N7f6 27.Bxe5 Nb6 28.Nxb6 Qxb6
29.Qb2 Ng4+ 30.Kh1 Nxe5  1/2-1/2

[Event "Moravia-chT 9798"]
[Site "CZE"]
[Date "1997.??.??"]
[Round "1.3"]
[White "Tatarko, Jan"]
[Black "Bazant, Petr"]
[Result "0-1"]
[WhiteElo "2275"]
[BlackElo "2330"]

1.Nf3 Nf6 2.c4 c5 3.Nc3 g6 4.g3 Bg7 5.d4 cxd4 6.Nxd4 O-O 7.Bg2 Nc6 8.Nb3 d6
9.O-O Be6 10.Nd5 Rc8 11.Bg5 Ne5 12.Bxf6 exf6 13.Nd2 Nxc4 14.Nxc4 Rxc4 15.Qb3 Rc7
16.Qa4 Rc5 17.Nc3 Qb8 18.Rfd1 f5 19.Nd5 a6 20.Rd2 Bxd5 21.Bxd5 Qc7 22.Rad1 a5
23.Qb3 b5 24.Qd3 Rd8 25.Kg2 Qe7 26.e3 Qe5 27.h4 h5 28.Qb3 Qe7 29.Qd3 Bf6
30.Qe2 Kg7 31.Qf3 Rdc8 32.Qe2 Be5 33.Qd3 a4 34.b4 axb3 35.axb3 b4 36.Ra2 Rc3
37.Qb5 R8c5 38.Qxb4 Bf6 39.Bf3 Qe6 40.Ra3 Rc2 41.Qf4 Be5 42.Qa4 Rb2 43.b4 Rcc2
44.Rf1 f4 45.gxf4 Bf6 46.f5 Qxf5 47.b5 Qc5 48.Bc6 Rb4  0-1

[Event "Moravia-chT 9798"]
[Site "CZE"]
[Date "1997.??.??"]
[Round "2.4"]
[White "Vavra, Pavel"]
[Black "Jurka, Miroslav"]
[Result "1/2-1/2"]
[WhiteElo "2340"]
[BlackElo "2345"]

1.Nf3 c5 2.c4 Nf6 3.Nc3 e6 4.e3 b6 5.d4 cxd4 6.exd4 Bb7 7.Bd3 Be7 8.O-O d5
9.Bg5 dxc4 10.Bxc4 O-O 11.Qe2 Nc6 12.Rad1 Nb4 13.Ne5 Nbd5 14.Rd3 Rc8 15.Rf3 Nxc3
16.bxc3 Ne4 17.Bc1 Bd5  1/2-1/2

[Event "CZE-chT 9697"]
[Site "CZE"]
[Date "1997.??.??"]
[Round "5"]
[White "Chytilek, Roman"]
[Black "Langner, Ladislav"]
[Result "1-0"]
[WhiteElo "2355"]
[BlackElo "2360"]

1.c4 Nf6 2.Nc3 c5 3.Nf3 d5 4.cxd5 Nxd5 5.e4 Nb4 6.Bc4 Nd3+ 7.Ke2 Nf4+ 8.Kf1 Be6
9.Bb5+ Bd7 10.d4 cxd4 11.Nxd4 e5 12.Bxf4 exf4 13.Qh5 Bxb5+ 14.Qxb5+ Nd7 15.Rd1 Qb6
16.Nd5 Qxb5+ 17.Nxb5 O-O-O 18.Nxa7+ Kb8 19.Nb5 Ne5 20.Ke2 g5 21.h4 Bh6 22.Nd4 g4
23.f3 Rhg8 24.Rhg1 Bf8 25.Nf6 Rg7 26.Nxg4 Rxd4 27.Rxd4 Bc5 28.Rd8+ Kc7 29.Rgd1 Nxg4
30.fxg4 Rxg4 31.Kf3 h5 32.e5 Be3 33.R8d7+ Kc6 34.Rxf7 Rg3+ 35.Ke4 Rxg2 36.e6 Bc5
37.Kxf4 Re2 38.Kf5 Bf2 39.e7 Bxh4 40.Rc1+ Kd7 41.e8=Q+ Kxe8 42.Rxb7  1-0

[Event "CZE-chT 9697"]
[Site "CZE"]
[Date "1997.??.??"]
[Round "6"]
[White "Moravec, Michal"]
[Black "Suran, Jan"]
[Result "0-1"]
[WhiteElo "2255"]
[BlackElo "2300"]

1.c4 Nf6 2.Nf3 c5 3.Nc3 d5 4.cxd5 Nxd5 5.g3 Nc6 6.Bg2 Nc7 7.O-O e5 8.d3 Be7
9.Nd2 Bd7 10.Nc4 f6 11.f4 b5 12.Ne3 Rb8 13.Ned5 O-O 14.f5 Nxd5 15.Nxd5 Nd4
16.g4 Bc6 17.Nxe7+ Qxe7 18.Bxc6 Nxc6 19.Rf3 Rfd8 20.Qf1 Nd4 21.Rg3 c4 22.g5 cxd3
23.exd3 Rdc8 24.Be3 Nc2 25.Rd1 Nxe3 26.Rxe3 Qc5 27.Qf2 fxg5 28.Rde1 Re8 29.Qg2 h6
30.h4 Rbd8 31.hxg5 hxg5 32.Qxg5 Rxd3 33.f6 Rd7 34.Kh2 Qd6 35.Rg1 Rf8 36.fxg7 Rf2+
37.Kh3 Qe6+ 38.Rg4 Rdd2 39.Re2 Rfxe2 40.Kg3 Rg2+  0-1